Normal view
MARC view
Entry Nombre personal
001 - NÚMERO DE CONTROL
- campo de control: 113021
003 - IDENTIFICADOR DEL NÚMERO DE CONTROL
- campo de control: OSt
005 - FECHA Y HORA DE LA ÚLTIMA TRANSACCIÓN
- campo de control: 20220127112507.0
008 - DATOS DE LONGITUD FIJA
- campo de control de longitud fija: 040312|| aznnnabb| un and |u
040 ## - FUENTE DE LA CATALOGACIÓN
- Centro catalogador/agencia de origen: OSt
- Centro/agencia transcriptor: OSt
100 00 - ENCABEZAMIENTO-NOMBRE DE PERSONA
- Nombre de persona: Ti, Le Huu
